000 00483ntaaa2200193 4500
003 01
005 20251027202449.0
008 0714s1973 ag 01
040 _aAR-BaBN
_bspa
_cAR-BaBN
_eaacr
_dRIC
082 _a266.0981 M77
100 _aMoon, Mary Hazel
_923540
245 _aA boy named Nelson
250 _a1 ed.
260 _aNashville :
_bConvention Press,
_cc1965
300 _a87 p.
500 _ahistoria misionera bautista del Brasil
650 _aBrasil
942 _cBK
999 _c19654
_d19654